Las mujeres de mármol : (Record no. 160326)

MARC details
000 -LEADER
campo de control de longitud fija 00844nam a22001815i 4500
001 - NÚMERO DE CONTROL
campo de control 160326
003 - IDENTIFICADOR DE NÚMERO DE CONTROL
campo de control ES-MaACL
005 - FECHA Y HORA DE LA ÚLTIMA TRANSACCIÓN
campo de control 20250925165712.0
008 - DATOS DE LONGITUD FIJA--INFORMACIÓN GENERAL
campo de control de longitud fija 020227s1856 sp |||| | spa d
245 04 - MENCIÓN DEL TÍTULO
Título Las mujeres de mármol :
Resto del título drama en cuatro actos /
Mención de responsabilidad, etc. traducido del francés por Juan Belza y Luis Rivera.
260 ## - PUBLICACIÓN, DISTRIBUCIÓN, ETC.
Lugar de publicación, distribución, etc. Madrid :
Nombre del editor, distribuidor, etc. [Luis y José de Olona],
Fecha de publicación, distribución, etc. 1856 (
Fabricante Imp. del Colegio de Sordo-Mudos)
300 ## - DESCRIPCIÓN FÍSICA
Extensión 55 p. ;
Dimensiones 18 cm.
594 ## - Nota al título y mención de responsabilidad
Nota al título y mención de responsabilidad En port.: Representada... en el Teatro de Variedades el 17 de abril de 1856
700 1# - ENTRADA AGREGADA--NOMBRE PERSONAL
Nombre de persona Belza, Juan,
Fechas asociadas al nombre 1819-1888
9 (RLIN) 125905
700 1# - ENTRADA AGREGADA--NOMBRE PERSONAL
Nombre de persona Rivera, Luis,
Fechas asociadas al nombre 1826-1872
9 (RLIN) 131869
852 4# - LOCALIZACIÓN
Ubicación ES-MaACL
Número de control de estantería F-8593(2)
Nota libre - Enc. pasta española, falto de cub. original
-- - Enc. en un vol. facticio, formando parte de la col. facticia "Teatro español moderno", v. 46
Holdings
Estatus retirado Estado de pérdida Estado de daño No para préstamo Colección Biblioteca de origen Biblioteca actual Ubicación en estantería Fecha de adquisición Total de préstamos Signatura topográfica completa Código de barras Visto por última vez Precio de reemplazo Tipo de ítem Koha
        Libros del s. XIX Biblioteca del Ateneo de Madrid Biblioteca del Ateneo de Madrid Sala Pecera Planta 2 17/01/2008   F-8593(2) 1167873 23/02/2023 23/02/2023 Libro impreso antiguo